000 00671nam a22001937a 4500
003 OSt
005 20221103184503.0
008 150522b xxu||||| |||| 00| 0 eng d
040 _cBiblioteca Lado V
082 _a708
_bM392e
100 _9307
_aBisbe, Nimfa
_ecurador
245 _aEspacios en Transición - Transición en espacios/
260 _aPuerto Rico
_c1998
_bMuseo de Arte de Puerto Rico
300 _a80p.
_c20.5x25.5cm
650 _2Tesauro de Arte & Arquitectura
_aARQUITECTURA
650 _2Tesauro de Arte & Arquitectura
_aARTE
650 _2Tesauro de Arte & Arquitectura
_aUTILIZACION DEL ESPACIO
942 _2ddc
_c1
_h708
_iM392e
_n0
999 _c2498
_d2498